Statystyki dla Flagi z półksiężycami

Kliknij tutaj aby rozwiązać quiz!

Ogólne statystyki

  • Ten quiz został rozwiązany 7 215 razy
  • Średni wynik to 16 z 19

Statystyki odpowiedzi

Odpowiedź% Poprawnych
Chorwacja
98%
Turcja
98%
Iran
96%
Algieria
95%
Nepal
95%
Tunezja
94%
Pakistan
93%
Mołdawia
92%
Azerbejdżan
91%
Malezja
89%
Singapur
89%
Uzbekistan
87%
Mongolia
86%
Turkmenistan
84%
Libia
79%
Brunei
72%
Malediwy
69%
Mauretania
68%
Komory
62%

Rozkład punktacji

Percentyl według liczby udzielonych odpowiedzi

Procent ludzi z każdym wynikiem

Twoja historia wyników

Nie rozwiązałeś tego quizu